000 00425nam a22001577a 4500
003 SGT
020 _a9788119107629
082 _a346.092
_bMYN
100 _aMYNENI S R
245 _aLAW OF INVESTMENT & SECURITIES
_bINCLUDING THE LATEST AMENDMENTS IN COMPANIES ACT 2013 SEBI FEMA NBFC ETC
250 _a5
260 _aHYDERABAD
_bASIA LAW HOUSE
_c2024
300 _a488
653 _aSEBI , FEMA, NBFC
942 _2ddc
_cBK
999 _c27963
_d27963